Calcio - Serie A - cessioni più costose per ogni edizione - Statistics

Statistiche generali
  • Questo quiz è stato fatto 341 volte
  • Il punteggio medio è 19 su 31
Statistiche sulle risposte
Edizione Giocatore Da... A... Cifra spesa (in euro) % Corretto
Inverno 2021/22 Dusan Vlahovic Fiorentina Juventus 83,5 milioni
87%
Estate 2017/18 Mohamed Salah Roma Liverpool 42 milioni
87%
Estate 2024/25 Teun Koopmeiners Atalanta Juventus 54,7 milioni
87%
Estate 2013/14 Edinson Cavani Napoli PSG 64,5 milioni
86%
Estate 2021/22 Romelu Lukaku Inter Chelsea 115 milioni
85%
Estate 2015/16 Paulo Dybala Palermo Juventus 41 milioni
84%
Estate 2018/19 Alisson Roma Liverpool 62,5 milioni
81%
Estate 2016/17 Paul Pogba Juventus Manchester United 105 milioni
81%
Estate 2023/24 Rasmus Hojlund Atalanta Manchester United 75 milioni
79%
Leonardo Bonucci Juventus Milan 42 milioni
77%
Estate 2022/23 Matthijs De Ligt Juventus Bayern Monaco 67,5 milioni
77%
Estate 2020/21 Miralem Pjanic Juventus Barcellona 60 milioni
72%
Estate 2019/20 Joao Cancelo Juventus Manchester City 65 milioni
71%
Inverno 2018/19 Krzysztof Piatek Genoa Milan 35 milioni
71%
Estate 2010/11 Mario Balotelli Inter Manchester City 29,5 milioni
71%
Inverno 2023/24 Radu Dragusin Genoa Tottenham 25 milioni
70%
Estate 2011/12 Javier Pastore Palermo PSG 42 milioni
69%
Estate 2012/13 Thiago Silva Milan PSG 42 milioni
66%
Inverno 2022/23 Jakub Kiwior Spezia Arsenal 19,5 milioni
54%
Inverno 2012/13 Alexandre Pato Milan Corinthians 15 milioni
51%
Inverno 2014/15 Juan Cuadrado Fiorentina Chelsea 31 milioni
45%
Inverno 2017/18 Pietro Pellegri Genoa Monaco 20,9 milioni
45%
Inverno 2016/17 Mattia Caldara Atalanta Juventus 19 milioni
41%
Inverno 2011/12 Thiago Motta Inter PSG 11,5 milioni
38%
Inverno 2019/20 Dejan Kulusevski Atalanta Juventus 35 milioni
37%
Inverno 2010/11 Giampaolo Pazzini Sampdoria Inter 18 milioni
36%
Inverno 2024/25 Khvicha Kvaratskelia Napoli PSG 70 milioni
36%
Estate 2014/15 Medhi Benatia Roma Bayern Monaco 28 milioni
34%
Inverno 2013/14 Hernanes Lazio Inter 18 milioni
32%
Inverno 2020/21 Nicolò Rovella Genoa Juventus 26 milioni
27%
Inverno 2015/16 Gervinho Roma Hebei FC 18 milioni
18%
Nessun quiz corrispondente trovato
Distribuzione punteggi
Percentuale di utenti per punteggio
Percentile per numero di risposta
I tuoi punteggi nel tempo
Non hai fatto questo quiz